| 000 | 00557nam a2200193Ia 4500 | ||
|---|---|---|---|
| 005 | 20250508152429.0 | ||
| 008 | 008 250505s9999 xx 000 0 eng d | ||
| 037 | _aTextual | ||
| 040 |
_aFEDL _beng _cFEDL |
||
| 041 |
_aeng _2eng |
||
| 084 |
_a509, WIS _qFEDL |
||
| 100 |
_aWiener Philip P Ed. _9614121 |
||
| 245 | 0 | _aRoots of scientific thought: A cultural perspective | |
| 260 |
_aNew York, USA _bBasic Books _c1957 |
||
| 300 | _ax,677p | ||
| 700 |
_a Noland Aaron Ed. _9761461 |
||
| 942 |
_cTEXL _h509, WIS |
||
| 999 |
_c1336379 _d1336379 |
||